| 000 | 00396nam a2200145Ia 4500 | ||
|---|---|---|---|
| 008 | 231217s9999 xx 000 0 und d | ||
| 041 | _aEnglish | ||
| 082 | _a621.36 SMI;1 R | ||
| 100 | _aSmith, Warren J. | ||
| 245 | 0 | _aModern optical engineering : the design of optical systems | |
| 260 |
_c1966 _bMacgraw-hill _aNew York |
||
| 300 | _axii, 476 | ||
| 650 | _aoptical,optical | ||
| 942 | _cAA | ||
| 999 |
_c181983 _d181983 |
||